000 02082cam a22004934i 4500
003 PE-LiUPU
005 20250731173504.0
008 150623s1986 miu rb 000 0 eng d
020 _a0310362814
035 _a(Sirsi) i9780310362814
040 _aPE-LiUPU
_bspa
_cPE-LiUPU
_erda
049 _aPRUA
082 0 4 _a270.0202
_bW19
_221
100 1 _aWalton, Robert Charles,
_eautor.
245 1 0 _aChronological and background charts of church history /
_cRobert C. Walton; con un prólogo de Earle E. Cairns.
264 1 _aGrand Rapids, Michigan :
_bZondervan publishing house,
_c1986.
300 _a84 páginas ;
_c28 centímetros
336 _atext
_2rdacontent
337 _aunmediated
_2rdamedia
338 _avolume
_2rdacarrier
504 _aIncluye bibliografía.
505 0 _aThe ancient church -- The medieval church -- The reformation -- The modern european church -- The American church -- Miscellaneous.
526 _aSEG42
526 _aSEG41
526 _aSEG40
526 _aSEG39
526 _aP94
526 _aP87
526 _aP86
526 _aP85
526 _aP77
526 _aP76
526 _aP35
650 0 4 _aHistoria de la Iglesia
_vManuales, etc.
650 0 4 _aHistoria de la Iglesia
_xCronología
_vManuales, etc.
942 _2ddc
_cBOOK
949 _a270.0202 W19
_wDEWEY
_c1
_i44015
_d2015-9-10
_e2015-9-9
_lCCODEBUL1
_mBUL
_n2
_r0
_sY
_tBOOK
_u2015-6-24
_xTEOLOGIA
_PP35
_0COMPRA
_o.STAFF. Colección Teología
949 _a270.902 W19
_wDEWEY
_c1
_i40392
_lCCODEBUL1
_mBUL
_r0
_sY
_tBOOK
_u2015-6-16
_xTEOLOGIA
_zUNKNOWN
_0COMPRA
_o.STAFF. Colección Teología
994 _aC0
_bPEPRU
596 _a1
999 _a270.902 W19
_wDEWEY
_c58197
_i40392
_d58197
_f2021-11-12
_g5
_lCCODEBUL1
_mBUL
_p30.00
_q1
_r0
_sY
_tBOOK
_u2015-6-16
_xTEOLOGIA
_PP35
_0COMPRA
_o.STAFF. Colección Teología
999 _a270.0202 W19
_wDEWEY
_c1
_i44015
_d2015-9-10
_e2015-9-9
_f2021-11-12
_g5
_lCCODEBUL1
_mBUL
_n2
_p18.00
_r0
_sY
_tBOOK
_u2015-6-24
_xTEOLOGIA
_PP35
_0COMPRA
_o.STAFF. Colección Teología
980 _81
_gALBERTO SANCHEZ Responsable de Automatización